Music Quiz

Random Music or Clickable Quiz

♡ pick the right cherry bullet members Quiz Stats

 Plays Quiz not verified by Sporcle

Score 0/10 Timer 10:00
1 Play Today
% Correct
kokoro
87%
linlin
87%
jiwon
85.5%
remi
84%
bora
81.7%
haeyoon
80.2%
may
77.1%
chaerin
76.3%
mirae
73.3%
yuju
70.2%

You're not logged in!

Compare scores with friends on all Sporcle quizzes.
OR
Log In

Show Comments

Extras

Top Quizzes Today


Score Distribution

Your Account Isn't Verified!

In order to create a playlist on Sporcle, you need to verify the email address you used during registration. Go to your Sporcle Settings to finish the process.

Report this User

Report this user for behavior that violates our Community Guidelines.

Details: